MARC details
| 000 -LEADER |
| fixed length control field |
03625cam a22003978i 4500 |
| 001 - CONTROL NUMBER |
| control field |
22818870 |
| 003 - CONTROL NUMBER IDENTIFIER |
| control field |
OSt |
| 005 - DATE AND TIME OF LATEST TRANSACTION |
| control field |
20230704112610.0 |
| 008 - FIXED-LENGTH DATA ELEMENTS--GENERAL INFORMATION |
| fixed length control field |
221012s2023 enk b 001 0 eng |
| 010 ## - LIBRARY OF CONGRESS CONTROL NUMBER |
| LC control number |
2022049147 |
| 020 ## - INTERNATIONAL STANDARD BOOK NUMBER |
| International Standard Book Number |
9781108487252 |
| Qualifying information |
(hardback) |
| 020 ## - INTERNATIONAL STANDARD BOOK NUMBER |
| International Standard Book Number |
9781108732840 |
| Qualifying information |
(paperback) |
| 020 ## - INTERNATIONAL STANDARD BOOK NUMBER |
| Canceled/invalid ISBN |
9781108766241 |
| Qualifying information |
(epub) |
| 040 ## - CATALOGING SOURCE |
| Original cataloging agency |
DLC |
| Language of cataloging |
eng |
| Description conventions |
rda |
| Transcribing agency |
DLC |
| 042 ## - AUTHENTICATION CODE |
| Authentication code |
pcc |
| 050 00 - LIBRARY OF CONGRESS CALL NUMBER |
| Classification number |
KZ6275 |
| Item number |
.C36 2023 |
| 082 00 - DEWEY DECIMAL CLASSIFICATION NUMBER |
| Classification number |
341.5/52 |
| Edition number |
23/eng/20230105 |
| Item number |
USA |
| 245 04 - TITLE STATEMENT |
| Title |
the International Court of Justice / |
| 263 ## - PROJECTED PUBLICATION DATE |
| Projected publication date |
2301 |
| 264 #1 - PRODUCTION, PUBLICATION, DISTRIBUTION, MANUFACTURE, AND COPYRIGHT NOTICE |
| Place of production, publication, distribution, manufacture |
Cambridge, United Kingdom ; |
| -- |
New York, NY : |
| Name of producer, publisher, distributor, manufacturer |
Cambridge University Press, |
| Date of production, publication, distribution, manufacture, or copyright notice |
2023. |
| 300 ## - PHYSICAL DESCRIPTION |
| Extent |
pages cm. |
| 336 ## - CONTENT TYPE |
| Content type term |
text |
| Content type code |
txt |
| Source |
rdacontent |
| 337 ## - MEDIA TYPE |
| Media type term |
unmediated |
| Media type code |
n |
| Source |
rdamedia |
| 338 ## - CARRIER TYPE |
| Carrier type term |
volume |
| Carrier type code |
nc |
| Source |
rdacarrier |
| 490 0# - SERIES STATEMENT |
| Series statement |
CCLW Cambridge companions to law |
| 504 ## - BIBLIOGRAPHY, ETC. NOTE |
| Bibliography, etc |
Includes bibliographical references and index. |
| 505 0# - FORMATTED CONTENTS NOTE |
| Formatted contents note |
The functions of the International Court of Justice / Judge James Crawford, Freya Baetens, and Rose Cameron -- The role of an International Court of Justice / Judge Sir Kenneth Keith -- The institutional context of the International Court of Justice / Tom Ginsburg -- Assessing the effectiveness of the International Court of Justice / Rotem Giladi and Yuval Shany -- Provisional measures / Kolb -- The International Court of Justice as the master of the sources / Jean D'Aspremont -- Fact finding and expert evidence / James Devaney -- The ICJ and other courts and tribunals : integration and fragmentation / Philippa Webb -- The working practices of the court / Callista Harris -- Procedure in contentious cases : evolution and innovation / Kate Parlett and Amy Sanders -- Effective advocacy at the ICJ / Samuel Wordsworth and Kate Parlett -- The law of treaties / Antonio Remiro Brotóns -- Territorial disputes / Marcelo G Kohen and Mamadou Hébié -- Law of the sea / Nilufer Oral -- International environmental law / Daniel Bodansky -- The law of state responsibility / Federica Paddeu -- The use of force / Alejandro Chehtman -- International organizations law / Jan Klabbers -- Human rights / Carlos Espósito. |
| 520 ## - SUMMARY, ETC. |
| Summary, etc. |
"As international law has become more present in global policy-making, the International Court of Justice (ICJ) has come to occupy an essential and increasingly visible role in international relations. This collection explores substantive developments within the ICJ and offers critical perspectives on its historical and contemporary role. It also examines the growing role of the ICJ in the settlement of international disputes and assesses the impact of the ICJ's jurisprudence on the major areas of international law, from the territorial delimitation to human rights. With contributions from a diverse range of scholars and practitioners, the collection's contents combine a legal perspective with institutional and sociological insights on the functions of the ICJ. By considering the ICJ's character, jurisdiction, and effectiveness, this collection offers a varied and holistic account of the ICJ, an institution whose significance and influence only increase by the day"-- |
| Assigning source |
Provided by publisher. |
| 610 20 - SUBJECT ADDED ENTRY--CORPORATE NAME |
| Corporate name or jurisdiction name as entry element |
International Court of Justice. |
| 700 1# - ADDED ENTRY--PERSONAL NAME |
| Personal name |
Espósito, Carlos D., |
| Relator term |
editor. |
| 700 1# - ADDED ENTRY--PERSONAL NAME |
| Personal name |
Parlett, Kate, |
| Relator term |
editor. |
| 776 08 - ADDITIONAL PHYSICAL FORM ENTRY |
| Relationship information |
Online version: |
| Title |
Cambridge companion to the international court of justice. |
| Place, publisher, and date of publication |
Cambridge, United Kingdom ; New York, NY : Cambridge University Press, 2023 |
| International Standard Book Number |
9781108766241 |
| Record control number |
(DLC) 2022049148 |
| 906 ## - LOCAL DATA ELEMENT F, LDF (RLIN) |
| a |
7 |
| b |
cbc |
| c |
orignew |
| d |
1 |
| e |
ecip |
| f |
20 |
| g |
y-gencatlg |
| 942 ## - ADDED ENTRY ELEMENTS (KOHA) |
| Source of classification or shelving scheme |
Dewey Decimal Classification |
| Koha item type |
Books |